000 00833nam0a22002651 4500
001 rc\3227939
005 20250609164847.0
021 _aRU
_bРг597-73
021 _aRU
_b71-49861
035 _a(NLR Aleph) 007368801
090 _a6385678
_c6385678
100 _a20130115d1971 |||y0rusy50 ca
101 0 _arus
102 _aRU
105 _aa z |||a|
200 1 _aПугливые звери
_e[Стихи
_eКнижка-картинка]
_f[Худож. В. Курчевский
210 _aМосква]
_cМалыш
_d[1971]
215 _a1 л., слож. в [10] с.
_cил.
_d24
700 1 _aЕкимцев
_bА.Е.
_f1929-
_gАлександр Ефимович
702 1 _aКурчевский
_bВ.
_4440
801 0 _aRU
_bNLR
_gpsbo
801 1 _aRU
_bELAR
_2rusmarc
852 _aNLR
_j72-7/1732
942 _cBOOK
980 _aNB